000 00472nam a22001697a 4500
999 _c6956
_d6956
003 OSt
005 20210518123116.0
008 210518b ||||| |||| 00| 0 eng d
040 _cDDC
082 _a636 PAG 1993
100 _aPagot, Jean
_914265
245 _aAnimal Production in the Tropics and Subtropics.
260 _aRome
_bFood and Agriculture Organization of the UN
_c1993
300 _aix,96p.;
_c24cm.
650 _aAnimal Production.
_914266
942 _2ddc
_cBOOK